| 000 | 02140nam a2200337 i 4500 | ||
|---|---|---|---|
| 001 | 200463456 | ||
| 003 | TR-AnTOB | ||
| 005 | 20250117165202.0 | ||
| 007 | ta | ||
| 008 | 250116t20212021tu b 000 0 tur d | ||
| 020 |
_a9786050508567 _q(paperback) |
||
| 035 | _a(TR-AnTOB)200463456 | ||
| 040 |
_aTR-AnTOB _beng _erda _cTR-AnTOB |
||
| 041 | _atur | ||
| 050 |
_aKKX80.C65 _bB55 2021 |
||
| 090 |
_aKKX80.C65 _bB55 2021 |
||
| 245 | 0 | 0 |
_aBilişim hukuku güncel sorunlar II / _ceditör: Doç. Dr. Süleyman Yılmaz. |
| 264 | 1 |
_aAnkara : _bYetkin Yayınlarıi _c2021. |
|
| 264 | 4 | _c©2021 | |
| 300 |
_a510 pages ; _c24 cm |
||
| 336 |
_atext _btxt _2rdacontent |
||
| 337 |
_aunmediated _bn _2rdamedia |
||
| 338 |
_avolume _bnc _2rdacarrier |
||
| 504 | _aBIB | ||
| 505 | 0 |
_tAkıllı sözleşmelere hukukî bir bakış / _rOnur İlhan -- _tYazılımların fikri mülkiyet hukuku kapsamında korunması / _rÖzge Öztürk -- _tİnternet üzerinden kurulan mesafeli satış sözleşmelerinde tüketicinin korunması / _rSarp Gümüş -- _tSosyal medyada kişilik haklarının ihlâli ve özel hukuk bağlamında korunması / _rArş. Gör. Ayşegül Kaya -- _tBiyometrik verilerin korunması / _rBeşir Orak -- _tİnternet ortamında reklam amaçlı veri işlenmesi ve veri sahibinin rızası / _rAbdulkerim Çevik -- _t6698 sayılı kişisel verilerin korunması kanunu kapsamında çerez kullanımının hukuki şartları / _rİlknur Pakyürek Şemenoğlu -- _tServis sağlayıcının marka hakkına tecavüzden ve telif hakkı ihlalinden sorumluluğu / _rMüberra Sümeyye Altınok -- _tTicari elektronik iletiler ve kişisel verilerin korunması / _rOğulcan Özkan -- _tUyar-kaldır sistemi / _rÖzgür Doğan -- _tYapay zekânın hukuki niteliğinin değerlendirilmesi / _rHasan Ali Güçlü -- _tBilişim sözleşmeleri kapsamında hizmet seviyesi anlaşması / _rYekta Ongun Özkan. |
|
| 650 | 0 |
_aBilgisayar ağları _xHukuk ve mevzuat _zTürkiye _9116123 |
|
| 650 | 7 |
_aBilgi saklama ve geri alma sistemleri _xHukuk ve mevzuat _zTürkiye _2etuturkob _9147885 |
|
| 700 | 1 |
_aYılmaz, Süleyman _eeditor _9121643 |
|
| 942 |
_2lcc _cBK |
||
| 999 |
_c200463456 _d81668 |
||